[Event "Emilia Romagna-ch"]
[White "Carlevero, Giorgio"]
[Black "Bergonzi, Andrea"]
[Site "Piacenza"]
[Round "3"]
[Result "0-1"]
[Date "2024.05.11"]
[WhiteElo "1399"]
[BlackElo "1595"]
[PlyCount "112"]
[EventDate "2024.05.10"]
[EventType "swiss"]
[EventRounds "6"]
[EventCountry "ITA"]
[SourceTitle "CBM 220 Extra"]
[Source "ChessBase"]
[SourceDate "2024.07.31"]
[SourceVersion "1"]
[SourceVersionDate "2024.07.31"]
[SourceQuality "1"]

1. d4 Nf6 2. c4 e6 3. Nc3 Bb4 4. Bg5 h6 5. Bh4 c5 6. a3 cxd4 7. axb4 dxc3 8. bxc3 Nc6 9. Nf3 g5 10. Bg3 Ne4 11. Qd3 f5 12. b5 Nxg3 13. hxg3 g4 14. Nd2 Ne5 15. Qe3 Qf6 16. f3 h5 17. f4 Nf7 18. Rh4 d6 19. Qd3 Bd7 20. e4 a6 21. bxa6 bxa6 22. Ra5 Kf8 23. c5 Rc8 24. e5 Qd8 25. Rxa6 Rxc5 26. exd6 Rd5 27. Qb1 Rxd6 28. Qb4 Ke7 29. Nc4 Qb8 30. Rb6 Qc7 31. Nxd6 Nxd6 32. Be2 Bc6 33. Kf2 Kf7 34. Bd3 Ne4+ 35. Bxe4 Bxe4 36. Rh1 Qd7 37. Qd4 Qxd4+ 38. cxd4 Bd5 39. Ke3 Kg6 40. Kf2 Rc8 41. Rhb1 Rc2+ 42. Ke3 Rxg2 43. R1b5 Rxg3+ 44. Kd2 Kf7 45. Rc5 Rb3 46. Rxb3 Bxb3 47. Ke3 Bd5 48. Rc7+ Kg6 49. Kd2 h4 50. Ke3 h3 51. Rc8 h2 52. Rg8+ Kf7 53. Rh8 h1Q 54. Rxh1 Bxh1 55. Kf2 Ke7 56. Ke3 Kd6 0-1